| 000 | 00593nam a2200157Ia 4500 | ||
|---|---|---|---|
| 005 | 20250424120217.0 | ||
| 008 | 250424s9999 xx 000 0 und d | ||
| 022 | _a20060882 | ||
| 050 | _aDT 515.9.F43 A22/ | ||
| 245 | 0 | _aAbuja digest | |
| 260 | _aAbuja. | ||
| 260 | _bFederal Capital Territory Administation | ||
| 300 | _a110 p. : ill. ; 33 cm. | ||
| 650 | _aPublic works--Nigeria--Federal Capital Territory--Periodicals. Politics and government. Public works. Federal Capital Territory (Nigeria)--Politics and government--Periodicals. Nigeria--Federal Capital Territory. | ||
| 942 | _cSR | ||
| 999 |
_c38014 _d38014 |
||